| 000 | 00811nam a2200229Ia 4500 | ||
|---|---|---|---|
| 003 | OSt | ||
| 005 | 20260114142739.0 | ||
| 008 | 241129s9999||||xx |||||||||||||| ||und|| | ||
| 020 | _a978-81-7599-440-9 | ||
| 037 | _aTB | ||
| 040 |
_aARTS _bpun _cARTS |
||
| 041 |
_apun _2pun |
||
| 084 |
_aO44Q7,3x 153R1 _qARTS |
||
| 100 |
_aਧੀਮਾਨ, ਹਰਬੰਸ ਸਿੰਘ, ੳਗ। _9168295 |
||
| 245 | 0 |
_aਪੰਜ ਪਾਕਿਸਤਾਨੀ ਪੰਜਾਬੀ ਨਾਵਲਿਟ _cਧੀਮਾਨ, ਹਰਬੰਸ ਸਿੰਘ, ੳਗ। |
|
| 260 |
_aਭਾਰਤ _bਦਿੱਲੀ ਨਵਯੁਗ ਪਬਲਕਿੇਸਨ _c2021 |
||
| 300 | _a366ਪ੍ਰ0 | ||
| 365 |
_aINR _b700 |
||
| 650 |
_aPunjabi Fiction _9179734 |
||
| 942 |
_cTB _hO44Q7,3x 153R1 _2CC _n0 |
||
| 999 |
_c1226313 _d1226313 |
||